[Event "I LIGA CS 2016"]
[Site "Kragujevac"]
[Date "2016.09.15"]
[Round "8.1"]
[White "Enchev, Ivajlo"]
[Black "Lalic, Bogdan"]
[Result "1/2-1/2"]
[WhiteElo "2451"]
[BlackElo "2434"]
[PlyCount "29"]
[EventDate "2016.??.??"]
[WhiteClock "1:04:04"]
[BlackClock "1:21:27"]

1. Nf3 Nf6 2. c4 e6 3. d4 d5 4. Nc3 c6 5. g3 Nbd7 6. Bg2 dxc4 7. a4 a5 8. O-O
Be7 9. e4 O-O 10. Qe2 b6 11. Rd1 Ba6 12. Bf4 Re8 13. Nd2 Rc8 14. Nxc4 Nd5 15.
Bd2 1/2-1/2

[Event "I LIGA CS 2016"]
[Site "Kragujevac"]
[Date "2016.09.15"]
[Round "8.2"]
[White "Peric, Slavisa"]
[Black "Radovanovic, Nikola"]
[Result "0-1"]
[WhiteElo "2160"]
[BlackElo "2396"]
[PlyCount "62"]
[EventDate "2016.??.??"]
[WhiteClock "0:00:31"]
[BlackClock "0:19:38"]

1. d4 Nf6 2. Nf3 g6 3. c4 Bg7 4. Nc3 O-O 5. e4 d6 6. Be2 Nbd7 7. O-O e5 8. dxe5
dxe5 9. Be3 c6 10. Qc2 Qe7 11. h3 Nh5 12. Rfd1 Nc5 13. Bf1 Ne6 14. g3 f5 15.
exf5 gxf5 16. Ne2 f4 17. gxf4 Nexf4 18. Nxf4 Nxf4 19. Bxf4 Rxf4 20. Bg2 Bxh3
21. Bxh3 Rxf3 22. Bg2 Qg5 23. Rd3 e4 24. Qd2 Qg4 25. Rd8+ Rxd8 26. Qxd8+ Rf8
27. Qe7 Bd4 28. Rf1 Qf4 29. Bxe4 Bxf2+ 30. Kh1 Rf7 31. Qd8+ Kg7 0-1

[Event "I LIGA CS 2016"]
[Site "Kragujevac"]
[Date "2016.09.15"]
[Round "8.3"]
[White "Zlatanovic, Boroljub"]
[Black "Maksimovic, Branimir"]
[Result "1-0"]
[WhiteElo "2392"]
[BlackElo "2341"]
[PlyCount "111"]
[EventDate "2016.??.??"]
[WhiteClock "0:25:30"]
[BlackClock "0:05:50"]

1. Nc3 d5 2. e4 e6 3. exd5 exd5 4. d4 Nf6 5. Bd3 Nc6 6. Nge2 Nb4 7. Bg5 Be7 8.
Ng3 Nxd3+ 9. Qxd3 O-O 10. O-O-O Ng4 11. Bxe7 Qxe7 12. Qd2 Qd6 13. Nh5 c6 14. f3
Nf6 15. Qf4 Qxf4+ 16. Nxf4 Re8 17. Rde1 Bd7 18. Kd2 Rxe1 19. Rxe1 Re8 20. Rb1
Re7 21. b4 Ne8 22. Nd1 g5 23. Ne2 Nd6 24. Ne3 f5 25. g3 Be8 26. Rf1 Bh5 27. Nc1
f4 28. gxf4 gxf4 29. Ng2 Nc4+ 30. Kc3 Ne3 31. Re1 Bxf3 32. Nxf4 Nd1+ 33. Kd2
Rxe1 34. Kxe1 Nc3 35. Kd2 Nb1+ 36. Ke3 Bd1 37. Ne6 Bxc2 38. Nd8 Ba4 39. Nxb7
Na3 40. Kd2 Nb1+ 41. Ke3 Na3 42. Kd2 Kg7 43. Nd3 Kf6 44. Ne5 Kf5 45. Na5 Ke4
46. Nexc6 Nc2 47. Kc3 Ne3 48. Nxa7 Nd1+ 49. Kd2 Kxd4 50. Nb3+ Bxb3 51. axb3 Nf2
52. Nc6+ Ke4 53. b5 Nd3 54. b6 Nc5 55. b4 Nb7 56. Na5 1-0

[Event "I LIGA CS 2016"]
[Site "Kragujevac"]
[Date "2016.09.15"]
[Round "8.4"]
[White "Panic, Nenad"]
[Black "Novoselski, Zoran"]
[Result "0-1"]
[WhiteElo "2340"]
[BlackElo "2323"]
[PlyCount "52"]
[EventDate "2016.??.??"]
[WhiteClock "0:20:29"]
[BlackClock "0:53:32"]

1. d4 Nf6 2. Nf3 e6 3. Bf4 b6 4. e3 Bb7 5. Bd3 Be7 6. h3 Ne4 7. c3 Bd6 8. Qc2
f5 9. Bxd6 cxd6 10. Nbd2 Nxd2 11. Nxd2 Nc6 12. e4 g6 13. Nf3 Qe7 14. O-O-O Nb4
15. cxb4 Rc8 16. Qxc8+ Bxc8 17. exf5 gxf5 18. Bxf5 Qf6 19. Bd3 Bb7 20. Be2 Be4
21. Rd2 Ke7 22. a3 Rc8+ 23. Kd1 Qg6 24. Rh2 Bxf3 25. Bxf3 Qb1+ 26. Ke2 Qg1 0-1

[Event "I LIGA CS 2016"]
[Site "Kragujevac"]
[Date "2016.09.15"]
[Round "8.5"]
[White "Radovic, Janko"]
[Black "Ilic, Dragan M"]
[Result "1/2-1/2"]
[WhiteElo "2258"]
[BlackElo "2333"]
[PlyCount "20"]
[EventDate "2016.??.??"]
[WhiteClock "1:11:55"]
[BlackClock "1:24:39"]

1. e4 e6 2. d4 d5 3. Nc3 Bb4 4. e5 Ne7 5. a3 Bxc3+ 6. bxc3 b6 7. Qg4 Ng6 8. Nf3
Qd7 9. a4 Ba6 10. Bxa6 Nxa6 1/2-1/2

[Event "I LIGA CS 2016"]
[Site "Kragujevac"]
[Date "2016.09.15"]
[Round "8.6"]
[White "Zivkovic, Vladislav"]
[Black "Radovic, Luka"]
[Result "1/2-1/2"]
[WhiteElo "2166"]
[BlackElo "2254"]
[Annotator "Balkanchess"]
[PlyCount "98"]
[EventDate "2016.??.??"]
[WhiteClock "0:37:06"]
[BlackClock "0:30:56"]

1. c4 e5 2. g3 Nf6 3. Bg2 d5 4. cxd5 Nxd5 5. Nc3 Nb6 6. Nf3 Nc6 7. O-O Be7 8.
a3 O-O 9. b4 Re8 10. Rb1 Bf8 11. d3 Bg4 12. h3 Bh5 13. Ne4 a5 14. Bd2 axb4 15.
axb4 Nd5 16. b5 Nd4 17. Neg5 Ra3 18. Nxd4 exd4 19. Nf3 Bc5 20. Re1 Qd6 21. g4
Bg6 22. Nh4 b6 23. Ra1 Nc3 24. Bxc3 Rxc3 25. Qa4 Qf4 26. e3 Qe5 27. Nf3 Qf6 28.
exd4 Rxe1+ 29. Rxe1 Bf8 30. Ne5 Qd6 31. Nxg6 hxg6 32. Bf1 Ra3 33. Qc4 Be7 34.
Re3 Ra8 35. Bg2 Ra1+ 36. Bf1 Ra8 37. Bg2 Rd8 38. Bd5 Qxd5 39. Qxd5 Rxd5 40.
Rxe7 Rxd4 41. Rxc7 Rd5 42. Rc8+ Kh7 43. Rb8 Rxb5 44. d4 g5 45. d5 Rxd5 46. Rxb6
f6 47. Kg2 Rd3 48. Ra6 Kg8 49. Ra7 Kf8 1/2-1/2

[Event "I liga CS 2016."]
[Site "Kragujevac,hotel Sumarice"]
[Date "2016.09.15"]
[Round "8.2"]
[White "Petkov, Vladimir"]
[Black "Cvetkovic, Zoran"]
[Result "1-0"]
[WhiteElo "2514"]
[BlackElo "1728"]
[PlyCount "31"]
[EventDate "2016.09.10"]

1. Nf3 Nc6 2. d4 d5 3. e3 a6 4. c4 Nf6 5. cxd5 Qxd5 6. Nc3 Qa5 7. Bd2 Qf5 8.
Be2 h6 9. O-O e5 10. dxe5 Nxe5 11. e4 Nxf3+ 12. Bxf3 Qe5 13. Nd5 Bd6 14. Bf4
Qe6 15. e5 Qxd5 16. Bxd5 1-0

[Event "I liga CS 2016."]
[Site "Kragujevac,hotel Sumarice"]
[Date "2016.09.15"]
[Round "8.2"]
[White "Ilic, Zoran S"]
[Black "Paunovic, Tomislav"]
[Result "1/2-1/2"]
[WhiteElo "2279"]
[BlackElo "2347"]
[PlyCount "20"]
[EventDate "2016.09.10"]

1. d4 d5 2. Nf3 Nf6 3. c4 c6 4. Nc3 a6 5. c5 Bf5 6. Bf4 Nbd7 7. e3 g6 8. Be2
Bg7 9. h3 Be4 10. O-O h5 1/2-1/2

[Event "I liga CS 2016."]
[Site "Kragujevac,hotel Sumarice"]
[Date "2016.09.15"]
[Round "8.2"]
[White "Jovanovic, Bojan P"]
[Black "Milosavljevic, Ivan"]
[Result "1-0"]
[WhiteElo "2236"]
[BlackElo "2113"]
[PlyCount "55"]
[EventDate "2016.09.10"]

1. d4 d5 2. Nc3 Nf6 3. Bg5 Bf5 4. e3 h6 5. Bh4 e6 6. Bd3 Bxd3 7. Qxd3 Be7 8.
Nf3 O-O 9. Bxf6 Bxf6 10. e4 c6 11. h4 b5 12. a3 a5 13. g4 Be7 14. exd5 exd5 15.
Nd1 Bd6 16. Ne3 Bf4 17. Ng2 Re8+ 18. Kf1 Re4 19. Re1 Rxe1+ 20. Kxe1 Bc1 21. Ne3
Bxb2 22. g5 h5 23. g6 Qf6 24. gxf7+ Qxf7 25. Ng5 Qf6 26. Qh7+ Kf8 27. Rh3 Qxd4
28. Ne6+ 1-0

[Event "I liga CS 2016."]
[Site "Kragujevac,hotel Sumarice"]
[Date "2016.09.15"]
[Round "8.2"]
[White "Todorovic, Nenad I"]
[Black "Todorovic, Bojan"]
[Result "1/2-1/2"]
[WhiteElo "2251"]
[BlackElo "2348"]
[PlyCount "132"]
[EventDate "2016.09.10"]

1. e4 g6 2. d4 Bg7 3. Nc3 d6 4. Nf3 a6 5. Be3 Nd7 6. Qd2 b5 7. a4 b4 8. Ne2 Bb7
9. Ng3 Ngf6 10. Bd3 c5 11. c3 O-O 12. O-O a5 13. Bh6 c4 14. Bb1 bxc3 15. bxc3
e5 16. Bxg7 Kxg7 17. Qg5 Kh8 18. dxe5 Nxe5 19. Nxe5 dxe5 20. Qxe5 Re8 21. Qf4
Qe7 22. Bc2 Nd7 23. Rfd1 Nc5 24. f3 Rad8 25. Nf1 Nb3 26. Bxb3 cxb3 27. Rxd8
Rxd8 28. Rb1 Qc5+ 29. Qe3 Qxe3+ 30. Nxe3 Rd3 31. Nc4 Bc6 32. Rxb3 Bxa4 33. Ra3
Bb5 34. Nxa5 Rd1+ 35. Kf2 Rd2+ 36. Kg3 Bf1 37. Kf4 Rxg2 38. Ra1 g5+ 39. Ke3
Re2+ 40. Kd4 Bg2 41. Nc4 g4 42. Ke5 Kg7 43. Nd6 gxf3 44. Nf5+ Kg6 45. Ng3 f6+
46. Kd4 Rb2 47. Ke3 h5 48. h4 f2 49. c4 Kf7 50. Rc1 Ke6 51. c5 Kd7 52. Rd1+ Kc7
53. Rc1 Kb7 54. Rd1 Bh3 55. Ra1 Bg4 56. Rf1 Rb3+ 57. Kxf2 Kc6 58. Kg2 Kxc5 59.
Rxf6 Kd4 60. Rf1 Ke3 61. Re1+ Kf4 62. Ne2+ Ke5 63. Nc1 Rc3 64. Kf2 Rh3 65. Kg2
Rc3 66. Kf2 Rh3 1/2-1/2

[Event "I liga CS 2016."]
[Site "Kragujevac,hotel Sumarice"]
[Date "2016.09.15"]
[Round "8.2"]
[White "Arandjelovic, Aleksandar Z"]
[Black "Djukic, Nebojsa"]
[Result "0-1"]
[WhiteElo "2049"]
[BlackElo "2196"]
[PlyCount "96"]
[EventDate "2016.09.10"]

1. d4 e6 2. c4 Nf6 3. Nc3 d5 4. cxd5 exd5 5. Bg5 c6 6. Qc2 Bg4 7. e3 Bh5 8. Bd3
Bg6 9. Bxg6 hxg6 10. Nf3 Nbd7 11. O-O Be7 12. a3 Kf8 13. Bxf6 gxf6 14. b4 a6
15. Rab1 Bd6 16. a4 f5 17. Ne2 Bxh2+ 18. Nxh2 Qh4 19. Rfe1 Qxh2+ 20. Kf1 Qh1+
21. Ng1 Nf6 22. f3 Re8 23. Qf2 Kg7 24. Rb2 Rh2 25. Ree2 Nh5 26. Qe1 f4 27. exf4
Rxg2 28. Rxg2 Rxe1+ 29. Kxe1 Nxf4 30. Kf1 Nxg2 31. Rxg2 Qh6 32. Ne2 Qd2 33. f4
Qxb4 34. Kf2 Qxa4 35. f5 Qc2 36. fxg6 fxg6 37. Kg1 a5 38. Ng3 Qb1+ 39. Kh2 a4
40. Nh5+ Kh6 41. Nf4 Qe4 42. Kg3 a3 43. Ra2 g5 44. Rh2+ Kg7 45. Nh3 Qe3+ 46.
Kg4 Qxd4+ 47. Kf5 Qe4+ 48. Kxg5 Qe5+ 0-1

[Event "I liga CS 2016."]
[Site "Kragujevac,hotel Sumarice"]
[Date "2016.09.15"]
[Round "8.2"]
[White "Grkovic, Vladan"]
[Black "Manic, Ljubomir"]
[Result "1-0"]
[WhiteElo "2178"]
[BlackElo "2152"]
[PlyCount "81"]
[EventDate "2016.09.10"]

1. c4 Nf6 2. Nc3 e6 3. Nf3 d5 4. d4 Be7 5. Bf4 a6 6. a4 O-O 7. e3 Nbd7 8. c5 a5
9. Bd3 c6 10. Qb3 b6 11. cxb6 Nxb6 12. Ne5 Bb7 13. O-O Rc8 14. Rfd1 Nh5 15. Qc2
h6 16. Qe2 Nxf4 17. exf4 c5 18. f5 cxd4 19. Nb5 Bf6 20. fxe6 fxe6 21. Qg4 Re8
22. Re1 Nc4 23. Nxc4 dxc4 24. Bg6 Re7 25. Rxe6 Qd7 26. Bf5 Rce8 27. Rxe7 Qxe7
28. h3 Qe5 29. Rd1 Qe2 30. Nd6 Qxg4 31. Bxg4 Re7 32. Nxc4 Bc6 33. b3 Ra7 34.
Be6+ Kf8 35. Kf1 Ke7 36. Re1 Kd8 37. Rd1 Kc7 38. Rc1 Kb7 39. Nd6+ Ka8 40. Rxc6
Re7 41. Bd5 1-0

[Event "I LIGA CS 2016"]
[Site "Kragujevac"]
[Date "2016.09.15"]
[Round "8.7"]
[White "Chatalbashev, Boris"]
[Black "Stankovic, Milos"]
[Result "1-0"]
[WhiteElo "2542"]
[BlackElo "2410"]
[PlyCount "81"]
[EventDate "2016.??.??"]
[WhiteClock "0:30:36"]
[BlackClock "0:35:06"]

1. c4 Nf6 2. Nf3 e6 3. g3 b6 4. Bg2 Bb7 5. O-O Be7 6. Nc3 O-O 7. Re1 d5 8. cxd5
exd5 9. d4 Nbd7 10. Bf4 c6 11. Qb3 Nh5 12. Bd2 Nhf6 13. Rad1 Re8 14. Bf4 Nf8
15. e4 dxe4 16. Ne5 Nd5 17. Bxe4 Ne6 18. Nxc6 Bxc6 19. Nxd5 Nxf4 20. Nxf4 Bxe4
21. Rxe4 Bg5 22. Rxe8+ Qxe8 23. Nd5 Rd8 24. h4 Bh6 25. Qf3 Qe6 26. Nc3 g6 27.
d5 Qe5 28. Ne4 Bf8 29. b3 Be7 30. a4 h6 31. Kg2 Bb4 32. Nf6+ Kg7 33. Ng4 Qc3
34. Rd3 Qb2 35. Qf4 h5 36. Ne5 Rf8 37. Nc6 Be1 38. Qe5+ Qxe5 39. Nxe5 Rd8 40.
Kf1 Re8 41. Nc6 1-0

[Event "I LIGA CS 2016"]
[Site "Kragujevac"]
[Date "2016.09.15"]
[Round "8.8"]
[White "Nestorovic, Dejan"]
[Black "Mijailovic, Zoran"]
[Result "0-1"]
[WhiteElo "2380"]
[BlackElo "2411"]
[PlyCount "52"]
[EventDate "2016.??.??"]
[WhiteClock "0:00:48"]
[BlackClock "0:11:57"]

1. d4 Nf6 2. c4 e6 3. Nc3 Bb4 4. Qc2 O-O 5. a3 Bxc3+ 6. Qxc3 d5 7. e3 b6 8. Nf3
Bb7 9. Be2 Nbd7 10. O-O c5 11. dxc5 Nxc5 12. cxd5 Bxd5 13. b4 Nfe4 14. Qe1 Na4
15. Bd2 Qf6 16. b5 Nac3 17. Nd4 Nxe2+ 18. Qxe2 Bc4 19. Qxc4 Nxd2 20. Qc7 Nxf1
21. Rxf1 Qd8 22. Qe5 Qb8 23. Qxb8 Rfxb8 24. Nc6 Rb7 25. Rd1 Kf8 26. Rd4 Rc7 0-1

[Event "I LIGA CS 2016"]
[Site "Kragujevac"]
[Date "2016.09.15"]
[Round "8.9"]
[White "Radusinovic, Lazar"]
[Black "Markovic, Zoran S"]
[Result "1/2-1/2"]
[WhiteElo "2349"]
[BlackElo "2363"]
[PlyCount "84"]
[EventDate "2016.??.??"]
[WhiteClock "0:32:16"]
[BlackClock "0:26:39"]

1. d4 d5 2. Nf3 Nf6 3. g3 c6 4. Bg2 Bf5 5. O-O e6 6. c4 Nbd7 7. Qb3 Qb6 8. c5
Qa6 9. Nc3 b6 10. cxb6 axb6 11. Nh4 Bg4 12. e4 Be7 13. h3 Bh5 14. exd5 Nxd5 15.
Nxd5 cxd5 16. Bxd5 exd5 17. Nf5 Bg6 18. Nxe7 Kxe7 19. Bg5+ Kf8 20. Qxd5 h6 21.
Qd6+ Kg8 22. Be7 Nf6 23. Bxf6 gxf6 24. Qxf6 b5 25. Qe5 Qe6 26. Qxe6 fxe6 27. a3
Kf7 28. Rac1 Rhd8 29. Rfd1 Rd5 30. Rc5 Rad8 31. Rxd5 Rxd5 32. f4 Rd7 33. Kf2
Be4 34. Ke3 Bg2 35. Rd2 Bxh3 36. Rh2 Bf5 37. Rxh6 Ke7 38. Rh4 Kd6 39. g4 Bc2
40. Rh5 Rg7 41. Rc5 Bb1 42. Kf3 Bd3 {Ke4 Ke5+} 1/2-1/2

[Event "I LIGA CS 2016"]
[Site "Kragujevac"]
[Date "2016.09.15"]
[Round "8.10"]
[White "Vucinic, Gojko"]
[Black "Nadj Hedjesi, Balind"]
[Result "0-1"]
[WhiteElo "2439"]
[BlackElo "2311"]
[PlyCount "78"]
[EventDate "2016.??.??"]
[WhiteClock "0:00:55"]
[BlackClock "0:01:37"]

1. e4 g6 2. d4 Bg7 3. Nc3 c6 4. Nf3 d5 5. h3 Nf6 6. Bd3 dxe4 7. Nxe4 Nxe4 8.
Bxe4 Nd7 9. O-O O-O 10. c3 c5 11. dxc5 Nxc5 12. Qxd8 Rxd8 13. Bc2 b6 14. Bg5 f6
15. Be3 Bb7 16. Rfd1 Kf8 17. Nd4 Bd5 18. Nb5 Rd7 19. b4 Ne6 20. Be4 Rad8 21.
Bxd5 Rxd5 22. Rxd5 Rxd5 23. Nxa7 b5 24. a4 bxa4 25. c4 Rd3 26. Rxa4 f5 27. g3
g5 28. Ra5 f4 29. gxf4 gxf4 30. Bb6 Rxh3 31. c5 Bd4 32. Nc6 Rb3 33. Ra8+ Kf7
34. Ra7 Bf6 35. Rb7 Nd4 36. Nd8+ Ke8 37. c6 Ne2+ 38. Kg2 f3+ 39. Kh3 Rxb4 0-1

[Event "I LIGA CS 2016"]
[Site "Kragujevac"]
[Date "2016.09.15"]
[Round "8.11"]
[White "Ravic, Nenad"]
[Black "Milenkovic, Mladen"]
[Result "1-0"]
[WhiteElo "2282"]
[BlackElo "2344"]
[PlyCount "45"]
[EventDate "2016.??.??"]
[WhiteClock "1:24:39"]
[BlackClock "0:32:05"]

1. e4 c5 2. Nf3 d6 3. d4 cxd4 4. Nxd4 Nf6 5. Nc3 g6 6. Be3 Bg7 7. f3 O-O 8. Qd2
Nc6 9. O-O-O Nxd4 10. Bxd4 Be6 11. Kb1 Qc7 12. h4 Rfc8 13. h5 Qa5 14. hxg6 hxg6
15. a3 Rab8 16. Bd3 b5 17. Qg5 Qc7 18. e5 dxe5 19. Bxe5 Qb6 20. Bxg6 fxg6 21.
Qxg6 Bf7 22. Rh8+ Kxh8 23. Qxf7 1-0

[Event "I LIGA CS 2016"]
[Site "Kragujevac"]
[Date "2016.09.15"]
[Round "8.12"]
[White "Organdziev, Oliver"]
[Black "Elez, Nikola"]
[Result "0-1"]
[WhiteElo "2259"]
[BlackElo "2211"]
[PlyCount "92"]
[EventDate "2016.??.??"]
[WhiteClock "0:37:34"]
[BlackClock "0:23:24"]

1. e4 c5 2. Nf3 d6 3. c3 Nf6 4. Bd3 Nc6 5. Bc2 Bg4 6. h3 Bh5 7. d3 e6 8. Nbd2
Be7 9. Nf1 d5 10. Ng3 Bg6 11. Qe2 O-O 12. O-O b5 13. Nh4 Re8 14. Nxg6 hxg6 15.
h4 d4 16. h5 gxh5 17. Nxh5 g6 18. Ng3 Qc7 19. a4 dxc3 20. bxc3 b4 21. Bb2 bxc3
22. Bxc3 Nd4 23. Bxd4 cxd4 24. f4 Rab8 25. Ra2 Kg7 26. a5 Rh8 27. Qf2 Ng4 28.
Qe2 Rh4 29. Rf3 Rbh8 30. e5 Bb4 31. Ra1 Qc3 32. Rb1 Bxa5 33. Rb7 Bb6 34. f5
gxf5 35. Rxf5 exf5 36. Nxf5+ Kg6 37. Nxh4+ Rxh4 38. Qf1 Nxe5 39. Qe2 Qa1+ 40.
Bd1 Qc1 41. g3 Rg4 42. Qxe5 Qxd1+ 43. Kg2 Qxd3 44. Qd6+ f6 45. Kh1 Qf3+ 46. Kh2
Qxb7 0-1

[Event "I liga CS 2016."]
[Site "Kragujevac,hotel Sumarice"]
[Date "2016.09.15"]
[Round "8.4"]
[White "Zivkovic, Nemanja"]
[Black "Begus, Drasko"]
[Result "1/2-1/2"]
[WhiteElo "2260"]
[BlackElo "2287"]
[PlyCount "20"]
[EventDate "2016.09.10"]

1. d4 d5 2. Nf3 Nf6 3. g3 e6 4. Bg2 Bb4+ 5. c3 Be7 6. O-O O-O 7. c4 dxc4 8. Ne5
Nc6 9. Bxc6 bxc6 10. Nxc6 Qd6 1/2-1/2

[Event "I LIGA CS 2016"]
[Site "Kragujevac"]
[Date "2016.09.15"]
[Round "8.13"]
[White "Zajic, Milan"]
[Black "Ristic, Nenad"]
[Result "1/2-1/2"]
[WhiteElo "2483"]
[BlackElo "2416"]
[PlyCount "120"]
[EventDate "2016.??.??"]
[WhiteClock "0:01:45"]
[BlackClock "0:12:56"]

1. e4 c5 2. Nf3 d6 3. c3 Nf6 4. Be2 Nc6 5. d4 cxd4 6. cxd4 d5 7. e5 Ne4 8. O-O
e6 9. Nbd2 Nxd2 10. Bxd2 Qb6 11. Bc3 Be7 12. Bd3 Bd7 13. Qd2 f5 14. exf6 Bxf6
15. b4 O-O 16. b5 Ne7 17. Ba5 Qd6 18. Bb4 Qb6 19. Ba5 Qd6 20. Rae1 Be8 21. Bb4
Qd7 22. g4 e5 23. Nxe5 Bxe5 24. Rxe5 Qxg4+ 25. Kh1 Qf3+ 26. Kg1 Rf4 27. Rg5
Rg4+ 28. Rxg4 Qxg4+ 29. Kh1 Qf3+ 30. Kg1 Ng6 31. Qe3 Nh4 32. Qxf3 Nxf3+ 33. Kg2
Nxd4 34. a4 Bg6 35. Rd1 Bxd3 36. Rxd3 Ne6 37. Rc3 Rd8 38. Rc2 Kf7 39. f3 Rd7
40. Rc8 Rc7 41. Rb8 d4 42. Kf2 b6 43. a5 Rc2+ 44. Ke1 Rb2 45. Rb7+ Kf6 46. axb6
axb6 47. Be7+ Ke5 48. Rxb6 d3 49. Ba3 Ra2 50. Ra6 Kf5 51. Bd6 Rb2 52. Ra3 d2+
53. Kd1 Nd4 54. Rd3 Nb3 55. b6 Na5 56. Rd5+ Ke6 57. Rxa5 Kxd6 58. Ra7 Rxb6 59.
Rxg7 Rb1+ 60. Kxd2 Ke5 1/2-1/2

[Event "I LIGA CS 2016"]
[Site "Kragujevac"]
[Date "2016.09.15"]
[Round "8.14"]
[White "Ristic, Nebojsa M"]
[Black "Djordjevic, Vuk"]
[Result "1/2-1/2"]
[WhiteElo "2371"]
[BlackElo "2416"]
[PlyCount "69"]
[EventDate "2016.??.??"]
[WhiteClock "0:05:36"]
[BlackClock "0:02:26"]

1. Nf3 d5 2. g3 c5 3. Bg2 Nc6 4. c4 d4 5. d3 e5 6. O-O Nf6 7. b4 cxb4 8. a3
bxa3 9. Qa4 Bd6 10. Nxd4 exd4 11. Bxc6+ Nd7 12. Bg2 O-O 13. Nxa3 a6 14. Nc2 Nc5
15. Qa2 Ne6 16. Rb1 Qe7 17. Ba3 Rd8 18. Bxd6 Rxd6 19. Qa3 Qc7 20. Qa1 Rb8 21.
Rfc1 Qc5 22. Rb2 Nc7 23. Qa3 Qe5 24. Ne1 b5 25. Nf3 Qf6 26. Qc5 Ne8 27. cxb5
Bd7 28. Qa7 Rxb5 29. Rxb5 Bxb5 30. h4 h6 31. Nd2 Rd7 32. Qb8 Rd8 33. Qa7 Rd7
34. Qb8 Rd8 35. Ra1 1/2-1/2

[Event "I LIGA CS 2016"]
[Site "Kragujevac"]
[Date "2016.09.15"]
[Round "8.15"]
[White "Brankovic, Dejan"]
[Black "Rajkovic, Dusan"]
[Result "1/2-1/2"]
[WhiteElo "2352"]
[BlackElo "2367"]
[PlyCount "28"]
[EventDate "2016.??.??"]
[WhiteClock "1:33:48"]
[BlackClock "1:32:34"]

1. e4 c5 2. Nf3 Nc6 3. d4 cxd4 4. Nxd4 g6 5. c4 Bg7 6. Be3 Nf6 7. Nc3 d6 8. Be2
O-O 9. f3 Bd7 10. Qd2 Nxd4 11. Bxd4 Bc6 12. O-O a5 13. Be3 Nd7 14. b3 Nc5
1/2-1/2

[Event "I LIGA CS 2016"]
[Site "Kragujevac"]
[Date "2016.09.15"]
[Round "8.16"]
[White "Stankovic, Dragan P"]
[Black "Gajic, Mladen"]
[Result "1/2-1/2"]
[WhiteElo "2208"]
[BlackElo "2346"]
[PlyCount "28"]
[EventDate "2016.??.??"]
[WhiteClock "1:28:09"]
[BlackClock "1:21:31"]

1. g3 g6 2. Bg2 Bg7 3. c4 c5 4. Nc3 Nc6 5. e3 e6 6. Nge2 Nge7 7. d4 cxd4 8.
Nxd4 Nxd4 9. exd4 d5 10. cxd5 Nxd5 11. Nxd5 exd5 12. O-O O-O 13. Qb3 Be6 14.
Be3 Qb6 1/2-1/2

[Event "I LIGA CS 2016"]
[Site "Kragujevac"]
[Date "2016.09.15"]
[Round "8.17"]
[White "Mladenovic, Stefan"]
[Black "Milosevic, Boban"]
[Result "1-0"]
[WhiteElo "2273"]
[BlackElo "2283"]
[PlyCount "101"]
[EventDate "2016.??.??"]
[WhiteClock "0:13:18"]
[BlackClock "0:03:16"]

1. d4 d5 2. c4 e6 3. Nc3 f5 4. Nf3 Nf6 5. g3 c6 6. Bg2 Bd6 7. O-O O-O 8. Bg5
Qe8 9. Bxf6 Rxf6 10. Rb1 Nd7 11. b4 Rh6 12. b5 Nf6 13. bxc6 bxc6 14. Qa4 Kh8
15. Ne5 Bxe5 16. dxe5 Ne4 17. Nxe4 fxe4 18. Rb2 a5 19. Rfb1 Ba6 20. Qxa5 g5 21.
Qc7 Rc8 22. Qa7 Ra8 23. Qxa8 Qxa8 24. Rb8+ Qxb8 25. Rxb8+ Kg7 26. c5 Kf7 27. e3
Ke7 28. Rg8 Rg6 29. Ra8 Bc4 30. Bf1 Kd7 31. Bxc4 dxc4 32. Ra4 c3 33. Rxe4 Rg8
34. Rc4 Ra8 35. Rxc3 Rxa2 36. g4 Ra4 37. h3 Re4 38. f3 Ra4 39. Kg2 Ra5 40. f4
Ke7 41. fxg5 Kf7 42. Kf3 Kg6 43. h4 Ra1 44. Rd3 Rh1 45. Rd6 Rxh4 46. Rxe6+ Kxg5
47. Rxc6 Rxg4 48. e6 Ra4 49. e7 Ra8 50. Re6 Re8 51. e4 {Kf5 [%clk 0:33:51]} 1-0

[Event "I liga CS 2016."]
[Site "Kragujevac,hotel Sumarice"]
[Date "2016.09.15"]
[Round "8.5"]
[White "Bajic, Veroljub"]
[Black "Ivic, Matija"]
[Result "1/2-1/2"]
[WhiteElo "2078"]
[BlackElo "2156"]
[PlyCount "39"]
[EventDate "2016.09.10"]

1. d4 Nf6 2. Nf3 c5 3. d5 b5 4. c4 g6 5. Qc2 b4 6. b3 Bg7 7. Bb2 d6 8. Nbd2 O-O
9. e4 e5 10. Be2 Nh5 11. g3 f5 12. O-O f4 13. a3 Nd7 14. Ne1 a5 15. Nd3 Nb6 16.
Ra2 Bh3 17. Rfa1 Qg5 18. Nf3 Qe7 19. Qd1 Rab8 20. axb4 1/2-1/2

[Event "I liga CS 2016."]
[Site "Kragujevac,hotel Sumarice"]
[Date "2016.09.15"]
[Round "8.6"]
[White "Pikula, Dejan"]
[Black "Ratkovic, Miloje"]
[Result "0-1"]
[WhiteElo "2433"]
[BlackElo "2414"]
[PlyCount "118"]
[EventDate "2016.09.10"]

1. e4 c6 2. d4 d5 3. e5 Bf5 4. h4 h5 5. Bd3 Nh6 6. Ne2 Bxd3 7. Qxd3 e6 8. Bg5
Be7 9. Bxe7 Qxe7 10. Nd2 Nf5 11. Nf3 Nd7 12. c3 O-O-O 13. Nf4 Kb8 14. g3 g6 15.
b4 Nb6 16. O-O Nc4 17. a4 Rdg8 18. Ng5 Rc8 19. Ra2 Rhg8 20. a5 a6 21. Re1 Rh8
22. Rae2 Rcg8 23. Qf3 Ka8 24. Nd3 Ka7 25. Qf4 Rf8 26. Nc5 Na3 27. Qc1 Nc4 28.
Kg2 Rfg8 29. f3 Ka8 30. Rh1 Rf8 31. Rh3 Ka7 32. Nd3 Ka8 33. Nf2 Ka7 34. Rh1 Ka8
35. Rhe1 Ka7 36. Ngh3 Qc7 37. Qg5 Na3 38. Nd3 Nb5 39. Qd2 Qe7 40. Ng5 Ka8 41.
Nf2 Ka7 42. Nd1 Rd8 43. Ne3 Nh6 44. Rh1 Ka8 45. Kf2 Ka7 46. Kg2 Ka8 47. Qe1 Ka7
48. Rh3 Ka8 49. Qd2 Ka7 50. Kf2 Ka8 51. Ke1 Ka7 52. Kd1 Qc7 53. Qc1 c5 54. bxc5
Qxa5 55. Rc2 b6 56. cxb6+ Qxb6 57. Qa1 Rc8 58. Rhh2 Nxc3+ 59. Rxc3 Qxd4+ 0-1

[Event "I liga CS 2016."]
[Site "Kragujevac,hotel Sumarice"]
[Date "2016.09.15"]
[Round "8.6"]
[White "Milanovic, Slavisa"]
[Black "Brkljaca, Ante"]
[Result "1-0"]
[WhiteElo "2395"]
[BlackElo "2296"]
[PlyCount "58"]
[EventDate "2016.09.10"]

1. c4 Nf6 2. Nc3 c5 3. Nf3 Nc6 4. d4 cxd4 5. Nxd4 g6 6. e4 Bg7 7. Be3 O-O 8.
Be2 b6 9. O-O Bb7 10. f3 Ne8 11. Rc1 f5 12. exf5 gxf5 13. f4 Nxd4 14. Bxd4 Rf7
15. Bf3 Bxf3 16. Rxf3 Rc8 17. b3 e6 18. Rg3 Kh8 19. Bxg7+ Rxg7 20. Rxg7 Kxg7
21. Qd4+ Nf6 22. Nb5 a5 23. Re1 Qf8 24. Qxb6 Qb4 25. Rd1 a4 26. Qe3 axb3 27.
axb3 Ra8 28. h3 Ra2 29. Nd6 Rb2 1-0

[Event "I liga CS 2016."]
[Site "Kragujevac,hotel Sumarice"]
[Date "2016.09.15"]
[Round "8.6"]
[White "Jovanovic, Sasa M"]
[Black "Blesic, Vaso"]
[Result "0-1"]
[WhiteElo "2244"]
[BlackElo "2350"]
[PlyCount "90"]
[EventDate "2016.09.10"]

1. e4 c5 2. Nc3 Nc6 3. g3 g6 4. Bg2 Bg7 5. d3 d6 6. f4 Nf6 7. h3 O-O 8. g4 Rb8
9. Nge2 Ne8 10. f5 b5 11. O-O Nc7 12. Ng3 b4 13. Nd5 Be5 14. Bh6 Bxb2 15. Bxf8
Kxf8 16. Rb1 Bg7 17. g5 Nxd5 18. exd5 Nd4 19. Be4 Kg8 20. c3 gxf5 21. cxd4 fxe4
22. Qh5 Bxd4+ 23. Kh1 Qf8 24. Nxe4 Bd7 25. Rf3 Qg7 26. Rbf1 Rf8 27. Nf6+ exf6
28. gxf6 Bg4 29. Qxg4 Qxg4 30. hxg4 Re8 31. Rf5 Re5 32. Rxe5 Bxe5 33. g5 a5 34.
Re1 Kf8 35. Kg2 a4 36. Kf3 a3 37. Rb1 Bb2 38. Rh1 Kg8 39. Re1 h6 40. Re8+ Kh7
41. Kg4 b3 42. Kf5 bxa2 43. Re7 Bxf6 44. Rxf7+ Bg7 45. g6+ Kg8 0-1

[Event "I liga CS 2016."]
[Site "Kragujevac,hotel Sumarice"]
[Date "2016.09.15"]
[Round "8.6"]
[White "Ivanovic, Dragutin"]
[Black "Ivanovic, Lazar"]
[Result "1-0"]
[WhiteElo "2291"]
[BlackElo "2017"]
[PlyCount "79"]
[EventDate "2016.09.10"]

1. Nf3 c5 2. g3 g6 3. Bg2 Bg7 4. O-O Nc6 5. d3 d6 6. e4 e6 7. c3 Nge7 8. d4
cxd4 9. cxd4 Qb6 10. Nc3 Nxd4 11. Nxd4 Bxd4 12. Na4 Qb4 13. a3 Qc4 14. b3 Qxf1+
15. Bxf1 Bxa1 16. Bg5 Be5 17. f4 Bg7 18. Bb5+ Kf8 19. Qxd6 f6 20. Bh6 Bxh6 21.
Qd8+ Kf7 22. Qxh8 Bf8 23. Qxh7+ Bg7 24. Be8+ Kf8 25. h4 e5 26. Bxg6 Bg4 27. Bh5
Be6 28. Nc5 Bc8 29. f5 b6 30. Ne6+ Bxe6 31. fxe6 Rc8 32. Bf7 Rc3 33. Kg2 a5 34.
Kh3 Rxb3 35. Kg4 Rb1 36. h5 Rh1 37. Kf3 Rh2 38. g4 Rh1 39. Kg2 Re1 40. h6 1-0